How to make our mental pictures come true

Bibliographic Details
Main Author: Schubel, George
Format: Book
Published: Batu Caves : Masterpiece Publication Sdn. Bhd. , 2006
Subjects:

MARC

LEADER 00000cam a2200000 7i4500
001 0000104099
005 20081218.0
020 |a 9833710646 
090 0 0 |a 158.1   |b SCH 
100 1 |a Schubel, George 
245 1 0 |a How to make our mental pictures come true   |c George Schubel 
260 |a Batu Caves :   |b Masterpiece Publication Sdn. Bhd. ,   |c 2006 
300 |a 151p. ;   |c 23cm. 
650 0 0 |a New thought 
650 0 0 |a Self-realization 
999 |a 00196454   |b BUKU   |c PINJAMAN   |e PERPUSTAKAAN KOMUNITI PETALING JAYA